000 01969nam0a2200349 4500
001 RU\NLR\bibl\1506721
005 20260405214428.0
021 _aRU
_b2010-19232
_91298
035 _a(nilc)RSL-KNO-004596147
035 _a(NLR Aleph) 001498140
090 _a1789642
_c1789642
100 _a20100323d2010 |||y0rusy50 ca
101 0 _arus
102 _aRU
105 _aa zzzz|||||
200 1 _aГрузовые операции на нефтяных танкерах
_eучебное пособие
_fС. В. Маценко, А.И. Кондратьев, Г.Г. Волков, В.Е. Борисов
_gФГОУ ВПО "Морская гос. акад. им. адмирала Ф. Ф. Ушакова"
210 _aНовороссийск
_cМГА
_d2010
215 _a189 с.
_cил., табл.
_d30
320 _aБиблиогр.: с. 188-189 (23 назв.)
606 1 _aНефтеналивные суда
_jУчебные издания
_xНалив и выкачивание
_91729964
_3RU\NLR\auth\66773025
610 0 _aТранспорт -- Водный транспорт -- Суда -- Транспортные суда -- Грузовые суда -- Наливные суда -- Танкеры -- Техническая эксплуатация -- Учебник для высшей школы
686 _aО425.144.1-082я73-1
_2rubbk
686 _aО484.893.04я7-1
701 1 _aМаценко
_bС. В.
_gСергей Валентинович
_4070
701 1 _4070
_8rus
_7ca
_aКондратьев
_bА. И.
_cканд. техн. наук
_gАлексей Иванович
_3RU\NLR\auth\7797374
_980300
701 1 _4070
_8rus
_7ca
_aВолков
_bГ. Г.
_cэколог
_3RU\NLR\AUTH\7796763
_979689
701 1 _aБорисов
_bВ. Е.
_cспециалист по морским грузоперевозкам
_4070
801 0 _aRU
_bРГБ
_c20100323
_grcr
801 1 _aRU
_bРГБ
_c20100323
801 2 _aRU
_bNLR
_c20100430
_grcr
942 _cBOOK
980 _aNB